| 000 | 01688nam a2200445 c 4500 | ||
|---|---|---|---|
| 001 | 45804 | ||
| 003 | ES-MaCES | ||
| 005 | 20191213040013.0 | ||
| 008 | 150223s2014 sp | o000 | spa d | ||
| 017 |
_aM 36062-2014 _bDL |
||
| 020 | _a9788484174776 | ||
| 024 | 7 |
_a270-14-094-3 _2nipo |
|
| 024 | 7 |
_a270-14-095-9 _2nipo |
|
| 040 |
_aES-MaCES _bspa _cES-MaCES |
||
| 245 | 0 | 3 |
_aLa integración de los inmigrantes en España _b: una propuesta de medición a escala regional _cDirk Godenau ... [et al.] |
| 260 |
_aMadrid _bMinisterio de Empleo y Seguridad Social, Subdirección General de Información Administrativa y Publicaciones _c[2014] |
||
| 300 |
_a244 p. _c22 cm |
||
| 490 | 1 |
_aDocumentos del Observatorio Permanente de la Inmigración _v30 |
|
| 504 | _aBibliografía: p. 207-220 | ||
| 541 | _cGratuito | ||
| 650 | 4 |
_ainmigrante _928631 |
|
| 650 | 4 |
_aextranjero _928630 |
|
| 650 | 4 |
_aintegración social _927283 |
|
| 650 | 4 |
_anivel regional _930617 |
|
| 650 | 4 |
_adesigualdad regional _929372 |
|
| 650 | 4 |
_aempleo _928299 |
|
| 650 | 4 |
_abienestar _927033 |
|
| 650 | 4 |
_arelaciones humanas _928211 |
|
| 650 | 4 |
_asociedad _927269 |
|
| 650 | 4 |
_aparticipación social _927284 |
|
| 650 | 4 |
_aEspaña _926964 |
|
| 650 | 4 |
_aanálisis estadístico _928889 |
|
| 653 | 1 | 0 | _aCiencias Sociales-Políticas |
| 700 | 1 |
_aGodenau, Dirk _913511 |
|
| 710 | 1 |
_aEspaña _bSecretaría de Estado de Inmigración y Emigración _bObservatorio Permanente de la Inmigración _93364 |
|
| 710 | 2 |
_aEspaña _bMinisterio de Empleo y Seguridad Social _eed. _93243 |
|
| 830 | 0 |
_aDocumentos del Observatorio Permanente de la Inmigración _v30 _934087 |
|
| 902 | _aLIB Libro | ||
| 942 |
_2CES _cBK _h7.0. |
||
| 999 |
_c45804 _d45804 |
||